000 00635nam a2200241Ia 4500
003 OSt
005 20221007101536.0
006 a|||||r|||| 00| 0
007 ta
008 221006b |||||||| |||| 00| 0 eng d
024 _a6,635
037 _cTextual
040 _aLCO
_cLCO
_beng
041 _2eng
_aeng
082 _aZ2,98:12, L5
100 _aSHIVA GOPAL
_9294596
245 0 _aConveyancing Precedents and Forms.
260 _aLucknow
_bEastern Book Co.
_c1975
300 _a668
650 _aPRECEDENTS AND FORMS
_9703138
942 _hZ2,98:12, L5
_cTEXL
999 _c1176198
_d1176198